Bibliometria, Web of Science 7. rész /

Elmentve itt :
Bibliográfiai részletek
Szerző: Aranyi Zoltán
Dokumentumtípus: Videó
Megjelent: 2020
Tárgyszavak:
Online Access:http://eta.bibl.u-szeged.hu/3840
LEADER 00891ngm a2200217 i 4500
001 eta3840
005 20211014082717.0
008 201120s2020 hu o 0|| hun d
040 |a SZTE Elektronikus Tananyag Archívum  |b hun 
041 |a hun 
100 1 |a Aranyi Zoltán 
245 1 0 |a Bibliometria, Web of Science   |h [elektronikus dokumentum] :  |b 7. rész /  |c  Aranyi Zoltán 
246 1 0 |a Bibliometrics, Web of Science : Part Seven  |h [elektronikus dokumentum] 
260 |c 2020 
516 |a Video 
650 4 |a Társadalomtudományok 
650 4 |a Média és kommunikáció 
650 4 |a Könyvtártudomány 
650 4 |a Web és információs rendszerek, adatbázisrendszerek, információkeresés és digitális könyvtárak, adatfúzió 
856 4 0 |u https://eta.bibl.u-szeged.hu/3840/8/07_WoS.mp4  |z Dokumentum-elérés  
856 4 0 |u https://eta.bibl.u-szeged.hu/3840/2/07_WoS.pdf  |z Dokumentum-elérés